000 01426nmm a2200301 a 4500
001 ocm0001132552
003 TR-IsHL
005 20201028155523.0
008 150709s1998 tu tur
007 cr cn
035 _a1132552
_b(N$T)
050 0 4 _aBP166
_b.S23 1998
090 0 4 _aBP166
_b.S23 1998
100 1 _aSabrī, Mustafá
245 1 0 _aYeni İslâm müctehidlerinin kıymet-i ilmiyyesi: Musa Cârullah Bigiyef'e reddiye
_h[electronic resource] /
_cMustafá Sabrī ; transkripsiyon Sibel Dericioğlu
260 _aİstanbul :
_bBedir Yayınevi,
_c1998
300 _a240 p.
500 _a"Kitabın "Darü'l-Hilâfeti'l-Aliyye, Şehzadebaşı, Evkaf-ı İslâmiyye Matbaası, 1337/1335" baskısından aynen Latin harflerine çevrilmiştir."--T.p. verso.
_xIncludes bibliographical references.
_xIn Ottoman Turkish (roman); introd. in Turkish; quotations in Arabic.
_x
650 4 _aFelsefe, Psikoloji ve Din
650 4 _aPhilosophy, Psychology and Religion
650 0 _aBigiyef, Musa Carullah, 1878-1949
_xEleştiri ve yorum
650 0 _aBigiev, Musa Dzharullakh, 1875-1949
_xCriticism and interpretation
650 0 _aMüslümanlar
_x Sosyal yaşam
650 0 _aMuslims
_x Conduct of life
650 7 _aRELIGION / Islam / Koran & Sacred Writings
_2bisacsh
700 1 _aDericioğlu, Sibel
856 4 0 _uhttp://search.ebscohost.com/login.aspx?direct=true&scope=site&db=e011xww&AN=1132552
999 _c13126
_d13126